ბათუმის შოთა რუსთაველის სახელმწიფო უნივერსიტეტის ბიბლიოთეკა

ადამიანი, ინდივიდი, პიროვნება : (ბიბ.ჩანაწერი № 37927)

000 -ლიდერი
ფიქსირებული სიგრძის საკონტროლო ველი 01418nam a2200265Ia 4500
001 - საკონტროლო ნომერი
საკონტროლო ველი 3906
003 - საკონტროლო ნომრის იდენტიფიკატორი
საკონტროლო ველი GE_BSU
005 - ბოლო ოპერაციის თარიღი და დრო
საკონტროლო ველი 20190815165559.0
008 - ფიქსირებული სიგრძის მონაცემთა ელემენტები - ზოგადი ინფორმაცია
ფიქსირებული სიგრძის საკონტროლო ველი 181216s1987||||ge |||||||||||||| ||g ||
040 ## - კატალოგიზაციის წყარო
Transcribing agency GE_BSU
041 ## - ენის კოდი
Language code of text/sound track or separate title geo
080 ## - უნივერსალური ათობითი კლასიფიკაციის ინდექსი
Universal Decimal Classification number 159.923 ა–20
245 ## - ცნობა სათაურის შესახებ
Title ადამიანი, ინდივიდი, პიროვნება :
Remainder of title სტატიების კრებული /
Statement of responsibility, etc საქ. სსრ მეცნ. აკად., ფილოსოფიის ინ-ტი ; რედ.: ო. ტაბიძე, ა. ბრეგაძე
264 ## - წარმოების, გამოცემის, დისტრიბუციის და სხვა ცნობები
გამოცემის, წარმოების, დისტრიბუციის... ადგილი თბ. :
გამოცემის, წარმოების, დისტრიბუციის... სახელწოდება მეცნიერება,
გამოცემის, წარმოების, დისტრიბუციის... თარიღი 1987.
300 ## - ფიზიკური აღწერა
Extent 123 გვ.;
Other physical details 21 სმ.
490 ## - სერიის ცნობა
Series statement ფილოსოფიური ანთროპოლოგიის საკითხები ;
Volume number/sequential designation ნაწ. VIII
653 ## - INDEX TERM--UNCONTROLLED
Uncontrolled term ადამიანის ფილოსოფიური საკითხები
653 ## - INDEX TERM--UNCONTROLLED
Uncontrolled term ფილოსოფიური ანთროპოლოგია
653 ## - INDEX TERM--UNCONTROLLED
Uncontrolled term ინდივიდი
653 ## - INDEX TERM--UNCONTROLLED
Uncontrolled term პიროვნების სოციოლოგია
700 ## - ADDED ENTRY--PERSONAL NAME
Personal name ტაბიძე, ო.
Relator term რედაქტორი
9 (RLIN) 3631
700 ## - ADDED ENTRY--PERSONAL NAME
Personal name ბრეგაძე, ა.
Relator term რდაქტორი
9 (RLIN) 622
710 ## - ADDED ENTRY--CORPORATE NAME
Corporate name or jurisdiction name as entry element საქ. სსრ მეცნ. აკად., ფილოსოფიის ინ-ტი
9 (RLIN) 3632
942 ## - ADDED ENTRY ELEMENTS (KOHA)
Koha item type წიგნი
Source of classification or shelving scheme
ეგზემპლარები
ჩამოწერის სტატუსი დაკარგული ეგზემპლარის სტატუსი კლასიფიკაციის წყარო ან თაროზე გაწყობის სქემა დაზიანების სტატუსი არ გაიცემა მუდმივი მდებარეობა (დაცვის ადგილი) ამჟამინდელი ადგილსამყოფელი თაროზე განთავსების ადგილი შეძენის თარიღი ღირებულება, შესყიდვის ნორმალური ფასი სრული შენახვის შიფრი შტრიხკოდი ბოლო ოპერაციის თარიღი ეგზემპლარის მიმდევრობითი ნომერი (კეტერი?) ფასის ძალაში შესვლის თარიღი ეგზემპლარის სახეობა საჯარო შენიშვნა
          ბათუმის შოთა რუსთაველის სახელმწიფო უნივერსიტეტის მთავარი ბიბლიოთეკა ბათუმის შოთა რუსთაველის სახელმწიფო უნივერსიტეტის მთავარი ბიბლიოთეკა წიგნსაცავი 2018-12-17 2.00 159.923 ა–20 5434 2018-12-17 5434 2018-12-17 წიგნი 2ლ.